000 00505nam a2200181 a 4500
001 7160
003 CO-ViMGA
008 141112s2004 ck r 000 u spa d
040 _aCO-ViMGA
_bspa
_cCO-ViMGA
082 0 4 _a352.0072 O773p
100 1 _aOrtega Ribero, Germán
_96277
245 1 0 _aProntuario de la administración municipal
260 _aBogotá :
_bTemis,
_c1989
300 _a122 p
650 1 4 _aADMINISTRACION PUBLICA
_951587
650 1 4 _aMUNICIPIOS - ADMINISTRACION
_96278
942 _2ddc
_cBK
999 _c19125
_d19125